Il circo mediatico

Spremljeno u:
Bibliografski detalji
Glavni autor: Guarino, Mario
Format: Knjiga
Jezik:engleski
Izdano: Roma Fabio Croce Editore 2002
Oznake: Dodaj oznaku
Bez oznaka, Budi prvi tko označuje ovaj zapis!

MARC

LEADER 00000nam a2200000 4500
005 20240710183652.0
008 240710b |||||||| |||| 00| 0 eng d
020 |a 9788887323528 
040 |c GP 
100 |a Guarino, Mario 
245 |a Il circo mediatico 
260 |a Roma  |b Fabio Croce Editore  |c 2002 
942 |2 ddc  |c BK  |n 0 
952 |0 0  |1 0  |2 ddc  |4 0  |6 347_440000000000000_GUA  |7 1  |9 1608  |a RM  |b RM  |d 2024-07-10  |l 0  |o 347.44 GUA  |p 328  |r 2024-07-10 18:37:11  |w 2024-07-10  |y BK 
999 |c 1427  |d 1427